Tārīkh-i jughrāfiyāʼī-i Khūzistān, (Record no. 49573)
[ view plain ]
| 000 -LEADER | |
|---|---|
| fixed length control field | 00794cam a22002171 4500 |
| 001 - CONTROL NUMBER | |
| control field | ne 67000881 |
| 003 - CONTROL NUMBER IDENTIFIER | |
| control field | DLC |
| 005 - DATE AND TIME OF LATEST TRANSACTION | |
| control field | 20260227111831.0 |
| 008 - FIXED-LENGTH DATA ELEMENTS--GENERAL INFORMATION | |
| fixed length control field | 910222m19539999ir abc b 000 0 perr |
| 010 ## - LIBRARY OF CONGRESS CONTROL NUMBER | |
| LC control number | ne 67000881 |
| 035 ## - SYSTEM CONTROL NUMBER | |
| System control number | (OCoLC)23138989 |
| 040 ## - CATALOGING SOURCE | |
| Original cataloging agency | DLC |
| Transcribing agency | CU |
| Modifying agency | CU |
| -- | OCoLC |
| -- | DLC |
| 043 ## - GEOGRAPHIC AREA CODE | |
| Geographic area code | a-ir--- |
| 050 00 - LIBRARY OF CONGRESS CALL NUMBER | |
| Classification number | DS324.K49 |
| Item number | S4 |
| 100 1# - MAIN ENTRY--PERSONAL NAME | |
| Personal name | Shūshtarī, Muḥammad ʻAlī Imām, |
| Dates associated with a name | 1864 or 1865-1972. |
| 245 10 - TITLE STATEMENT | |
| Title | Tārīkh-i jughrāfiyāʼī-i Khūzistān, |
| Statement of responsibility, etc. | Nivishtah-i S. Muḥammad ʻAlī Imām Shūshtarī. |
| 260 ## - PUBLICATION, DISTRIBUTION, ETC. | |
| Place of publication, distribution, etc. | [Tihrān] |
| Name of publisher, distributor, etc. | Muʼassasah-i Maṭbūʻāt Amīr Kabīr, |
| Date of publication, distribution, etc. | 1331- [1953- ] |
| 300 ## - PHYSICAL DESCRIPTION | |
| Extent | v. <1> |
| Other physical details | illus., geneal. table, maps (1 fold.) ports. |
| Dimensions | 25 cm. |
| 504 ## - BIBLIOGRAPHY, ETC. NOTE | |
| Bibliography, etc. note | Bibliography: v. 1, p. [273]-275. |
| 651 #0 - SUBJECT ADDED ENTRY--GEOGRAPHIC NAME | |
| Geographic name | Khūzistān (Iran) |
| General subdivision | Description and travel. |
No items available.